| 000 | 00657nam a2200217Ia 4500 | ||
|---|---|---|---|
| 003 | OSt | ||
| 005 | 20251114092806.0 | ||
| 008 | 210210b2017 xxu||||| |||| 00| 0 eng d | ||
| 020 | _a9789387192041 | ||
| 040 | _cAL | ||
| 041 | _aKannada | ||
| 082 | _aK894.3 RUDG | ||
| 100 |
_aRUDRAMURTI SHASTRI (Su) _d ರುದ್ರಮೂರ್ತಿ ಶಾಸ್ತ್ರಿ ಸು, _9245500 |
||
| 245 |
_aGautama buddha: kadambari _bಗೌತಮ ಬುದ್ಧ : ಕಾದಂಬರಿ |
||
| 260 |
_aBengaluru _bAnkita Pustaka _c2017 |
||
| 300 | _a527 | ||
| 650 |
_akadambari _9245501 |
||
| 690 |
_aKannada Fiction _9245502 |
||
| 906 | _a072356 | ||
| 942 |
_2ddc _cBK |
||
| 999 |
_c122378 _d122378 |
||